An evaluation of neurologic symptoms and findings occurring among TNT workers. (Record no. 38854)

MARC details
000 -LEADER
fixed length control field 00814cam a22002531 4500
001 - CONTROL NUMBER
control field med48000125
003 - CONTROL NUMBER IDENTIFIER
control field DLC
005 - DATE AND TIME OF LATEST TRANSACTION
control field 20260227111609.0
008 - FIXED-LENGTH DATA ELEMENTS--GENERAL INFORMATION
fixed length control field 820626s1947 xx 000 0 eng
010 ## - LIBRARY OF CONGRESS CONTROL NUMBER
LC control number med48000125
035 ## - SYSTEM CONTROL NUMBER
System control number (OCoLC)6842854
040 ## - CATALOGING SOURCE
Original cataloging agency DLC
Transcribing agency DNLM
Modifying agency KWiU
-- OCoLC
-- DLC
050 00 - LIBRARY OF CONGRESS CALL NUMBER
Classification number RA11
Item number .B177 no. 196
060 00 - NATIONAL LIBRARY OF MEDICINE CALL NUMBER
Classification number W1
Item number UN7392 no.196
082 ## - DEWEY DECIMAL CLASSIFICATION NUMBER
Classification number 616.87
100 1# - MAIN ENTRY--PERSONAL NAME
Personal name Sievers, Rudolph Frederick,
Dates associated with a name 1909-
245 13 - TITLE STATEMENT
Title An evaluation of neurologic symptoms and findings occurring among TNT workers.
260 ## - PUBLICATION, DISTRIBUTION, ETC.
Place of publication, distribution, etc. [Washington,
Name of publisher, distributor, etc. U.S. Govt. Print. Off.,
Date of publication, distribution, etc. 1947]
300 ## - PHYSICAL DESCRIPTION
Extent 26 p.
410 10 - SERIES STATEMENT/ADDED ENTRY--CORPORATE NAME [OBSOLETE, CAN/MARC], [LOCAL, USA]
Corporate name or jurisdiction name as entry element United States.
Subordinate unit Public Health Service.
Title of a work Public health reports.
Name of part/section of a work Supplement
Volume number/sequential designation no. 196
504 ## - BIBLIOGRAPHY, ETC. NOTE
Bibliography, etc. note "References": p. 25-26.
650 #0 - SUBJECT ADDED ENTRY--TOPICAL TERM
Topical term or geographic name entry element TNT (Chemical)
General subdivision Toxicology.
650 #0 - SUBJECT ADDED ENTRY--TOPICAL TERM
Topical term or geographic name entry element Neuritis.

No items available.

Powered by Koha